| 000 | 00467nam a2200157Ia 4500 | ||
|---|---|---|---|
| 999 |
_c19403 _d19403 |
||
| 003 | OSt | ||
| 005 | 20200626113231.0 | ||
| 008 | 190216s9999||||xx |||||||||||||| ||und|| | ||
| 040 | _coclc | ||
| 082 |
_a954.83 _bKUR/P |
||
| 100 |
_aKurup, K K N _91879 _d1939- author. |
||
| 245 | 0 |
_aPazhassi Samarangal / _cK K N Kurup |
|
| 260 |
_bKerala Basha Institute, _c1980. _aTrivandrum: |
||
| 300 | _a155p | ||
| 942 |
_cBK _2ddc _h954.83 _iKUR/P _k954.83 _mKUR/P |
||